Ułóż nazwy krajów z liter! - Statystyki

Ogólne statystyki
  • Ten quiz został rozwiązany 211 razy
  • Średni wynik to 14 z 15
Statystyki odpowiedzi
LITERY Państwo % Poprawnych
daCz Czad
100%
liMa Mali
100%
naOm Oman
100%
pigtE Egipt
99%
okMaor Maroko
99%
okaMno Monako
98%
aklosP Polska
98%
nuSad Sudan
98%
Zjodenozcne ramiEyt iekAbsra Zjednoczone Emiraty Arabskie
97%
grwjaPaa Paragwaj
96%
Abrżnaezejd Azerbejdżan
95%
aimZba Zambia
94%
baBrdsoa Barbados
93%
seSelze Seszele
90%
uiBren Brunei
75%
Nie znaleziono quizów pasujących do podanych kryteriów
Rozkład punktacji
Procent ludzi z każdym wynikiem
Percentyl według liczby udzielonych odpowiedzi
Twoja historia wyników
Nie rozwiązałeś tego quizu